000 00698nam a2200205Ia 4500
003 GCL
005 20240530104226.0
008 140319s9999 xx 000 0 ara d
040 _aGCL /
_cGCL
082 0 4 _a811.1
_bم د
100 1 _aحسن كامل الصيرفى
245 1 0 _aديوان شعر المتلمس الضبعى : رواية الاشرم وابى عبيدة عن الاصمعى /
_cحسن كامل الصيرفى
300 _a554 ص
490 _a100 قصة
_v0
650 0 4 _aالشعر العربى
650 0 4 _aالادب العربى
650 0 4 _aالعصر الجاهلى
700 1 _aالمتلمس : جرير بن عبدالمسيح الضبعى
942 _2ddc
_cBK
999 _c45622
_d45622